<The> European Union and World Trade

Enregistré dans:
Détails bibliographiques
Format: Livre
Langue:anglais
Publié: Luxembourg Office for Official Publications of the European Communities 1995
Édition:1. ed.
Collection:Europe on the move
Sujets:
Tags: Ajouter un tag
Pas de tags, Soyez le premier à ajouter un tag!

MARC

LEADER 00000nam a2200000 4500
001 c017366
005 20221221080129.2
020 |a 92-827-4375-6 
041 0 |a eng 
044 |a LU 
245 1 0 |a <The> European Union and World Trade 
250 |a 1. ed. 
264 1 |a Luxembourg  |b Office for Official Publications of the European Communities  |c 1995 
300 |a 19 s. 
490 1 |a Europe on the move 
830 0 |a Europe on the move 
610 2 0 |a obchod medzinárodný 
610 2 0 |a obchod svetový 
610 2 0 |a Európska únia 
610 2 0 |a hospodárstvo svetové 
610 2 0 |a obchod voľný 
610 2 0 |a bariéry obchodu zahraničného 
610 2 0 |a podpora predaja 
610 2 0 |a podpora vývozu